000 00335 a2200109 4500
001 ART_54669
005 20260410161811.0
008 260409a
245 1 0 _aConcurso, sobreendeudamiento y pandemia
100 1 _aTruffat, Edgardo Daniel
773 0 _tDoctrina Societaria y Concursal
_g- N° 408 (nov. 2021)
_wREV4298
999 _c21458
_d21458